Digital satallite communication (Record no. 5123)

MARC details
000 -LEADER
fixed length control field 00397nam a22001697a 4500
005 - DATE AND TIME OF LATEST TRANSACTION
control field 20160701160427.0
008 - FIXED-LENGTH DATA ELEMENTS--GENERAL INFORMATION
fixed length control field 160701b xxu||||| |||| 00| 0 eng d
020 ## - INTERNATIONAL STANDARD BOOK NUMBER
ISBN 978-0-0707752-2
041 ## - LANGUAGE CODE
Language code of text/sound track or separate title eng
082 ## - DEWEY DECIMAL CLASSIFICATION NUMBER
Item number 20757
100 ## - MAIN ENTRY--AUTHOR NAME
Personal name Ha Tri T
245 ## - TITLE STATEMENT
Title Digital satallite communication
260 ## - PUBLICATION, DISTRIBUTION, ETC. (IMPRINT)
Name of publisher Mc graw hill
300 ## - PHYSICAL DESCRIPTION
Number of Pages 633
650 ## - SUBJECT ADDED ENTRY--TOPICAL TERM
Topical Term Diploma Engineering
942 ## - ADDED ENTRY ELEMENTS (KOHA)
Koha item type Books
Holdings
Lost status Damaged status Home library Current library Shelving location Date acquired Cost, normal purchase price Full call number Accession Number Koha item type
    JRU Library   SHELF-37-L 01/07/2016 565.00 20757 20757 Books